[Event "Catalunya-chT Gp2"]
[Site "Barcelona"]
[Date "2024.02.10"]
[Round "4.1"]
[White "Castillo Dalmau, Albert"]
[Black "Cuartas Medina, Jorge Humberto"]
[Result "1-0"]
[WhiteElo "2313"]
[BlackElo "2284"]
[PlyCount "39"]
[EventDate "2024.01.20"]
[EventType "team-tourn"]
[EventRounds "7"]
[EventCountry "ESP"]
[SourceTitle "CB11_2024"]
[SourceDate "2024.03.13"]
[SourceVersion "1"]
[SourceVersionDate "2024.03.13"]
[SourceQuality "1"]
[WhiteTeam "Vila Olimpica"]
[BlackTeam "Barbera"]
[WhiteTeamCountry "ESP"]
[BlackTeamCountry "ESP"]

1. c4 c6 2. d4 d5 3. cxd5 cxd5 4. Bf4 Qb6 5. Nc3 Nf6 6. e3 Qxb2 7. Bb5+ Nc6 8. Nge2 e6 9. 0-0 Bb4 10. Qa4 0-0 11. Rab1 Qd2 12. e4 Bxc3 13. Bxd2 Bxd2 14. e5 Nd7 15. Bxc6 bxc6 16. Qxc6 Rb8 17. Rxb8 Nxb8 18. Qc7 Ba6 19. Rb1 Bxe2 20. Rxb8 1-0

[Event "Catalunya-chT Gp2 final"]
[Site "Barcelona"]
[Date "2016.03.12"]
[Round "1.2"]
[White "Munoz Arana, Miguel Angel"]
[Black "Cuartas Medina, Jorge Humberto"]
[Result "1/2-1/2"]
[WhiteElo "2067"]
[BlackElo "2284"]
[PlyCount "37"]
[EventDate "2016.03.12"]
[EventType "team-tourn"]
[EventRounds "4"]
[EventCountry "ESP"]
[SourceTitle "CBM 171 Extra"]
[Source "ChessBase"]
[SourceDate "2016.04.26"]
[SourceVersion "1"]
[SourceVersionDate "2016.04.26"]
[SourceQuality "1"]
[WhiteTeam "Montcada"]
[BlackTeam "Peona I Peo"]
[WhiteTeamCountry "ESP"]
[BlackTeamCountry "ESP"]

1. e4 e5 2. d4 exd4 3. Qxd4 Nc6 4. Qe3 Nf6 5. Bd2 Bb4 6. Nc3 0-0 7. 0-0-0 Re8 8. Bc4 Na5 9. Be2 d5 10. Nxd5 Nxd5 11. Qd3 Bxd2+ 12. Qxd2 Rxe4 13. Qxa5 Qg5+ 14. Kb1 c6 15. Bf3 Re8 16. Ne2 Bf5 17. Qd2 Qxd2 18. Rxd2 Be4 19. Bxe4 1/2-1/2

[Event "Catalunya-chT Gp1"]
[Site "Barcelona"]
[Date "2015.03.07"]
[Round "7.1"]
[White "Cuartas Medina, Jorge Humberto"]
[Black "Peralta, Fernando"]
[Result "1/2-1/2"]
[WhiteElo "2284"]
[BlackElo "2592"]
[PlyCount "70"]
[EventDate "2015.01.24"]
[EventType "team-tourn"]
[EventRounds "7"]
[EventCountry "ESP"]
[SourceTitle "EXT 2016"]
[Source "ChessBase"]
[SourceDate "2015.10.08"]
[SourceVersion "1"]
[SourceVersionDate "2015.10.08"]
[SourceQuality "1"]
[WhiteTeam "Peona I Peo"]
[BlackTeam "Sant Josep de Badalona"]
[WhiteTeamCountry "ESP"]
[BlackTeamCountry "ESP"]

1. e4 d6 2. d4 Nf6 3. Nc3 g6 4. Nf3 Bg7 5. Bc4 Nc6 6. h3 0-0 7. d5 Nb8 8. 0-0 c6 9. a4 a5 10. Re1 Na6 11. dxc6 bxc6 12. e5 Ne8 13. Bf4 d5 14. Qd2 Nec7 15. Bxa6 Bxa6 16. Bh6 c5 17. Rad1 Bb7 18. Qf4 Ne6 19. Qh4 d4 20. Ne4 Bxe4 21. Rxe4 Qd5 22. Rde1 Rfb8 23. b3 d3 24. cxd3 Rxb3 25. Bxg7 Kxg7 26. Qxe7 Qd8 27. Qf6+ Qxf6 28. exf6+ Kxf6 29. d4 cxd4 30. Nxd4 Nxd4 31. Rxd4 Rb4 32. Rxb4 axb4 33. Rb1 Rb8 34. a5 Ra8 35. Rxb4 Rxa5 1/2-1/2

[Event "Catalunya-chT"]
[Site "Catalunya"]
[Date "2012.02.25"]
[Round "5.2"]
[White "Cuartas Medina, Jorge Humberto"]
[Black "Pablo Marin, Alejandro"]
[Result "0-1"]
[WhiteElo "2284"]
[BlackElo "2392"]
[PlyCount "114"]
[EventDate "2012.01.28"]
[EventType "team-tourn"]
[EventRounds "11"]
[EventCountry "ESP"]
[SourceTitle "EXT 2013"]
[Source "ChessBase"]
[SourceDate "2012.11.22"]
[SourceVersion "1"]
[SourceVersionDate "2012.11.22"]
[SourceQuality "1"]
[WhiteTeam "Montcada"]
[BlackTeam "Terrassa"]
[WhiteTeamCountry "ESP"]
[BlackTeamCountry "ESP"]

1. e4 d6 2. d4 Nf6 3. Nc3 g6 4. Be2 Bg7 5. g4 c5 6. d5 a6 7. a4 e6 8. g5 Ng8 9. h4 h5 10. a5 Ne7 11. Bc4 exd5 12. Nxd5 Nxd5 13. Bxd5 0-0 14. c3 Qe7 15. Ne2 Nc6 16. Nf4 Ne5 17. Be3 Bg4 18. Qb3 Rab8 19. Kd2 Kh7 20. Kc2 Qc7 21. Ra3 b5 22. axb6 Rxb6 23. Qa2 Rfb8 24. Rxa6 Rxb2+ 25. Qxb2 Rxb2+ 26. Kxb2 Nf3 27. Rha1 Nd4 28. Kc1 Nb5 29. Rb1 Bc8 30. Ra8 Nxc3 31. Rbb8 Ba6 32. Ne6 fxe6 33. Bxe6 Be5 34. Rd8 Bb7 35. Rab8 d5 36. Rxb7 Qxb7 37. Rd7+ Qxd7 38. Bxd7 d4 39. Bd2 Nxe4 40. Be1 c4 41. Be6 c3 42. Bc4 Nd6 43. Bd3 Nf5 44. Bxf5 gxf5 45. Kc2 Bf4 46. Kd3 Kg6 47. f3 Kf7 48. Bf2 Be5 49. f4 Bg7 50. Be1 Ke6 51. Bf2 Kd5 52. g6 Ke6 53. Bg1 Bf6 54. Bf2 Ke7 55. Be1 Kf8 56. Bf2 Kg7 57. Bg1 Kxg6 0-1

[Event "Medellin Easter op"]
[Site "Medellin"]
[Date "2010.04.04"]
[Round "8"]
[White "Remicio Duque, John H"]
[Black "Cuartas Medina, Jorge Humberto"]
[Result "1/2-1/2"]
[WhiteElo "2137"]
[BlackElo "2521"]
[PlyCount "82"]
[EventDate "2010.03.31"]
[EventType "swiss"]
[EventRounds "9"]
[EventCountry "COL"]
[SourceTitle "CBM 135 Extra"]
[Source "ChessBase"]
[SourceDate "2010.05.04"]
[SourceVersion "1"]
[SourceVersionDate "2010.05.04"]
[SourceQuality "1"]

1. e4 c5 2. Nf3 e6 3. d4 cxd4 4. Nxd4 Nc6 5. Nxc6 bxc6 6. Bd3 d5 7. 0-0 Nf6 8. exd5 cxd5 9. b3 Be7 10. Bb2 0-0 11. Nd2 Nd7 12. c4 Bf6 13. Qc2 Bxb2 14. Qxb2 Bb7 15. Rad1 dxc4 16. Nxc4 Qg5 17. f3 Nf6 18. Qe5 Qxe5 19. Nxe5 Rfd8 20. Bc4 Nd5 21. Bxd5 Bxd5 22. Rc1 a5 23. Rfd1 f6 24. Nc4 Rdb8 25. Ne3 a4 26. Nxd5 exd5 27. Rxd5 axb3 28. axb3 Rxb3 29. Rd7 Rb2 30. h4 Kh8 31. Rcc7 Rg8 32. Kh2 h6 33. Kh3 Kh7 34. g4 Rb6 35. Kg3 Ra6 36. Rf7 Rb6 37. Kf4 Kh8 38. h5 Rb5 39. Kg3 Ra5 40. Kh4 Rb5 41. f4 Ra5 1/2-1/2

[Event "Cali qual"]
[Site "Cali"]
[Date "2008.05.05"]
[Round "9"]
[White "Cuartas Medina, Jorge Humberto"]
[Black "Valle, Efrain"]
[Result "1/2-1/2"]
[WhiteElo "2304"]
[BlackElo "2191"]
[PlyCount "57"]
[EventDate "2008.05.01"]
[EventType "swiss"]
[EventRounds "9"]
[EventCountry "COL"]
[SourceTitle "CBM 124 Extra"]
[Source "ChessBase"]
[SourceDate "2008.07.03"]
[SourceVersion "1"]
[SourceVersionDate "2008.07.03"]
[SourceQuality "1"]

1. e4 Nc6 2. d4 e5 3. Nf3 exd4 4. Nxd4 Bc5 5. Nxc6 Qf6 6. Qd2 Qxc6 7. Bd3 Qg6 8. 0-0 d6 9. Kh1 Qh5 10. Nc3 Nf6 11. Qg5 Qxg5 12. Bxg5 Ng4 13. Kg1 f6 14. Bd2 Be6 15. Be2 Ne5 16. Na4 0-0-0 17. Nxc5 dxc5 18. Be3 Bc4 19. Rfe1 Bxe2 20. Rxe2 b6 21. Rae1 Rd7 22. f4 Nc6 23. Kf2 Re8 24. Kf3 Nd4+ 25. Bxd4 cxd4 26. g4 c5 27. h4 Rde7 28. g5 Kd7 29. Rg2 1/2-1/2

[Event "Cali qual"]
[Site "Cali"]
[Date "2008.05.04"]
[Round "6"]
[White "Arango Andres, Mauricio"]
[Black "Cuartas Medina, Jorge Humberto"]
[Result "1/2-1/2"]
[WhiteElo "2069"]
[BlackElo "2304"]
[PlyCount "126"]
[EventDate "2008.05.01"]
[EventType "swiss"]
[EventRounds "9"]
[EventCountry "COL"]
[SourceTitle "CBM 124 Extra"]
[Source "ChessBase"]
[SourceDate "2008.07.03"]
[SourceVersion "1"]
[SourceVersionDate "2008.07.03"]
[SourceQuality "1"]

1. e4 c5 2. Nf3 d6 3. d4 cxd4 4. Nxd4 Nf6 5. Nc3 a6 6. Bc4 e6 7. Bb3 b5 8. 0-0 Be7 9. f4 0-0 10. f5 b4 11. Na4 e5 12. Ne2 Bb7 13. Ng3 Nbd7 14. Qe2 h6 15. Bd2 a5 16. Bc4 Bc6 17. b3 Qc7 18. Rac1 Nb6 19. Nxb6 Qxb6+ 20. Kh1 Qb7 21. Rfe1 Rfd8 22. c3 d5 23. exd5 Nxd5 24. Qh5 Bf8 25. cxb4 Nf6 26. Qe2 Bxg2+ 27. Qxg2 Qxg2+ 28. Kxg2 Rxd2+ 29. Re2 Rxe2+ 30. Bxe2 axb4 31. Rc2 Nd5 32. Kf3 Nc3 33. Bc4 Rxa2 34. Rxa2 Nxa2 35. Ke4 Bd6 36. Kd5 Bb8 37. Kc6 e4 38. Nxe4 Bxh2 39. Nc5 h5 40. Nb7 h4 41. Nd8 Kh7 42. Bxf7 Bf4 43. Bg6+ Kg8 44. Bf7+ Kh8 45. Be6 h3 46. f6 h2 47. fxg7+ Kxg7 48. Bd5 Kf6 49. Kc5 Be3+ 50. Kc4 Kg5 51. Nc6 Bd2 52. Kd3 Bf4 53. Bf3 Bd6 54. Ke2 Nc1+ 55. Kd1 Kf4 56. Bd5 Nxb3 57. Kc2 Na1+ 58. Kb2 Be5+ 59. Nxe5 Kxe5 60. Bh1 Kd4 61. Kxa1 Kc3 62. Kb1 b3 63. Bg2 b2 1/2-1/2

[Event "Cali qual"]
[Site "Cali"]
[Date "2008.05.02"]
[Round "3"]
[White "Cuartas Medina, Jorge Humberto"]
[Black "Sanchez Maya, Simon"]
[Result "0-1"]
[WhiteElo "2304"]
[BlackElo "2182"]
[PlyCount "62"]
[EventDate "2008.05.01"]
[EventType "swiss"]
[EventRounds "9"]
[EventCountry "COL"]
[SourceTitle "CBM 124 Extra"]
[Source "ChessBase"]
[SourceDate "2008.07.03"]
[SourceVersion "1"]
[SourceVersionDate "2008.07.03"]
[SourceQuality "1"]

1. e4 c5 2. Nf3 d6 3. d4 cxd4 4. Nxd4 Nf6 5. Nc3 a6 6. Be2 e6 7. a4 Be7 8. Be3 Qc7 9. 0-0 Nc6 10. f4 Bd7 11. Kh1 Rc8 12. Nb3 b6 13. Bf3 Nb4 14. Rf2 Bc6 15. Qd4 d5 16. e5 Nd7 17. Qd2 Nc5 18. Nd4 0-0 19. Nxc6 Nxc6 20. Ne2 f6 21. Nd4 Rfd8 22. Nxc6 Qxc6 23. Qd4 Rd7 24. b3 f5 25. Rb1 b5 26. axb5 axb5 27. c4 Ne4 28. cxd5 Nxf2+ 29. Bxf2 Qc2 30. Rb2 Qc1+ 31. Bg1 Bc5 0-1

[Event "Sitges op 33rd"]
[Site "Sitges"]
[Date "2007.07.23"]
[Round "6"]
[White "Cuartas Medina, Jorge Humberto"]
[Black "Fernandez Aguado, Enrique"]
[Result "0-1"]
[WhiteElo "2236"]
[BlackElo "2365"]
[PlyCount "76"]
[EventDate "2007.07.18"]
[EventType "swiss"]
[EventRounds "9"]
[EventCountry "ESP"]
[SourceTitle "CBM 119 Extra"]
[Source "ChessBase"]
[SourceDate "2007.09.04"]
[SourceVersion "1"]
[SourceVersionDate "2007.09.04"]
[SourceQuality "1"]

1. d4 e6 2. c4 f5 3. g3 Nf6 4. Bg2 Bb4+ 5. Nd2 0-0 6. Ngf3 Nc6 7. 0-0 d6 8. Nb1 Ba5 9. a3 Bb6 10. b4 a6 11. c5 Ba7 12. Bb2 Bd7 13. Qb3 Rb8 14. Nc3 Ne7 15. Ng5 d5 16. f3 f4 17. e4 fxe3 18. Bh3 h6 19. Bxe6+ Kh8 20. Nf7+ Rxf7 21. Bxf7 Bh3 22. Qc2 Bf5 23. Qd1 Qf8 24. Bh5 Nxh5 25. g4 Nf4 26. gxf5 Qxf5 27. Qe1 Rf8 28. Kh1 Qc2 29. Rg1 Nf5 30. Nd1 e2 31. Nc3 Qxb2 32. Ra2 Qb3 33. Qd2 g5 34. Rb2 Qxa3 35. Rgb1 Re8 36. Ra2 Qxb4 37. Re1 Qxd4 38. Qc2 Qf2 0-1